Power electronics semiconductor devices (Record no. 11691)

000 -LEADER
fixed length control field 01133cam a22003138a 4500
001 - CONTROL NUMBER
control field 15585549
005 - DATE AND TIME OF LATEST TRANSACTION
control field 20170105102346.0
008 - FIXED-LENGTH DATA ELEMENTS--GENERAL INFORMATION
fixed length control field 090113s2009 enk b 001 0 eng
010 ## - LIBRARY OF CONGRESS CONTROL NUMBER
LC control number 2009001021
020 ## - INTERNATIONAL STANDARD BOOK NUMBER
International Standard Book Number 9781848210646
040 ## - CATALOGING SOURCE
Original cataloging agency DLC
Transcribing agency DLC
Modifying agency DLC
041 1# - LANGUAGE CODE
Language code of text/sound track or separate title eng
Language code of original fre
050 00 - LIBRARY OF CONGRESS CALL NUMBER
Classification number TK7881.15
Item number .M5713 2009
082 00 - DEWEY DECIMAL CLASSIFICATION NUMBER
Classification number 621.381044
Edition number 22
130 0# - MAIN ENTRY--UNIFORM TITLE
Uniform title Mise en ouvre des composants electroniques de puissance and Interrupteurs electroniques de puissance.
Language of a work English.
245 10 - TITLE STATEMENT
Title Power electronics semiconductor devices
Statement of responsibility, etc. Robert Perret.
260 ## - PUBLICATION, DISTRIBUTION, ETC.
Place of publication, distribution, etc. London :
Name of publisher, distributor, etc. ISTE ;
Place of publication, distribution, etc. Hoboken, NJ :
Name of publisher, distributor, etc. Wiley,
Date of publication, distribution, etc. 2009.
263 ## - PROJECTED PUBLICATION DATE
Projected publication date 0902
300 ## - PHYSICAL DESCRIPTION
Extent xi, 553p. :
Dimensions 24 cm
504 ## - BIBLIOGRAPHY, ETC. NOTE
Bibliography, etc. note Includes bibliographical references and index.
650 #0 - SUBJECT ADDED ENTRY--TOPICAL TERM
Topical term or geographic name entry element Power electronics.
650 #0 - SUBJECT ADDED ENTRY--TOPICAL TERM
Topical term or geographic name entry element Power semiconductors.
650 #0 - SUBJECT ADDED ENTRY--TOPICAL TERM
Topical term or geographic name entry element Solid state electronics.
700 1# - ADDED ENTRY--PERSONAL NAME
Personal name Perret, Robert
Fuller form of name (Robert Jos)
856 42 - ELECTRONIC LOCATION AND ACCESS
Materials specified Publisher description
Uniform Resource Identifier <a href="http://www.loc.gov/catdir/enhancements/fy0904/2009001021-d.html">http://www.loc.gov/catdir/enhancements/fy0904/2009001021-d.html</a>
906 ## - LOCAL DATA ELEMENT F, LDF (RLIN)
a 7
b rix
c orignew
d 1
e ecip
f 20
g y-gencatlg
942 ## - ADDED ENTRY ELEMENTS (KOHA)
Source of classification or shelving scheme
Koha item type Book
Holdings
Withdrawn status Lost status Damaged status Not for loan Collection code Permanent Location Current Location Shelving location Date acquired Source of acquisition Cost, normal purchase price Total Checkouts Full call number Barcode Date last seen Date last checked out Price effective from Koha item type
          Central Library (CL) Central Library (CL) General Stacks 04/09/2013 Multi-Line Books 14890.37 1 621.381044 PER SEECS012199 01/28/2019 01/22/2019 01/05/2017 Book
© 2023 Central Library, National University of Sciences and Technology. All Rights Reserved.